Rainsong /

Bibliographic Details
Main Author: Whitney, Phyllis A., 1903-2008
Format: Book
Language:English
Published: Garden City, N.Y. : Doubleday, 1984.
Edition:1st ed.

MARC

Tag First Indicator Second Indicator Subfields
LEADER 00000pam a2200000 a 4500
001 in00000506721
005 20151013065340.0
008 830322s1984 nyu 00011 eng
010 |a  83005312  
020 |a 0385189966 
035 |a (OCoLC)09394613 
035 |9 ACD8560AM 
039 0 |a 2  |b 3  |c 3  |d 3  |e 3 
040 |a DLC  |c DLC  |d TXA  |d UtOrBLW 
049 |a TXAM 
050 0 0 |a PS3545.H8363  |b R3 1984 
082 0 |a 813/.54  |2 19 
100 1 |a Whitney, Phyllis A.,  |d 1903-2008. 
245 1 0 |a Rainsong /  |c Phyllis A. Whitney. 
250 |a 1st ed. 
264 1 |a Garden City, N.Y. :  |b Doubleday,  |c 1984. 
300 |a 306 pages ;  |c 22 cm. 
336 |a text  |b txt  |2 rdacontent 
337 |a unmediated  |b n  |2 rdamedia 
338 |a volume  |b nc  |2 rdacarrier 
999 |a MARS 
999 f f |s 4ef101cc-6919-3570-961b-24335efb1734  |i 23d35ab1-870e-3d12-b571-6d5a2beb0273  |t 0 
952 f f |p ric  |a Texas A&M University  |b Rellis Campus  |c Joint Library Facility  |d Remote Storage  |t 0  |e PS3545.H8363 R3 1984  |h Library of Congress classification  |i unmediated -- volume  |m A14807921678 
952 f f |p normal  |a Texas A&M University  |b College Station  |c Sterling C. Evans Library  |d Evans: Library Stacks  |t 0  |e PS3545.H8363 R3 1984  |h Library of Congress classification  |i unmediated -- volume  |m A14807687012 
952 f f |p normal  |a Texas A&M University  |b College Station  |c Sterling C. Evans Library  |d Evans: Library Stacks  |t 0  |e PS3545.H8363 R3 1984  |h Library of Congress classification  |i unmediated -- volume  |m A14808929831 
952 f f |p normal  |a Texas A&M University  |b College Station  |c Sterling C. Evans Library  |d Evans: Library Stacks  |t 0  |e PS3545.H8363 R3 1984  |h Library of Congress classification  |i unmediated -- volume  |m A14807686896 
998 f f |a PS3545.H8363 R3 1984  |t 0  |l Evans: Library Stacks 
998 f f |a PS3545.H8363 R3 1984  |t 0  |l Evans: Library Stacks 
998 f f |a PS3545.H8363 R3 1984  |t 0  |l Evans: Library Stacks 
998 f f |a PS3545.H8363 R3 1984  |t 0  |l Remote Storage